<?xml version="1.0" encoding="UTF-8"?>
<record
    xmlns:xsi="http://www.w3.org/2001/XMLSchema-instance"
    xsi:schemaLocation="http://www.loc.gov/MARC21/slim http://www.loc.gov/standards/marcxml/schema/MARC21slim.xsd"
    xmlns="http://www.loc.gov/MARC21/slim">

  <leader>01789nam1a2200361 i 4500</leader>
  <controlfield tag="001">RU\NLR\bibl\980504</controlfield>
  <controlfield tag="005">20241213115536.0</controlfield>
  <datafield tag="010" ind1=" " ind2=" ">
    <subfield code="a">5-903-127-01-0</subfield>
  </datafield>
  <datafield tag="035" ind1=" " ind2=" ">
    <subfield code="a">(NLR Aleph) 000968405</subfield>
  </datafield>
  <datafield tag="090" ind1=" " ind2=" ">
    <subfield code="a">383691</subfield>
    <subfield code="c">383691</subfield>
  </datafield>
  <datafield tag="100" ind1=" " ind2=" ">
    <subfield code="a">20060905g20069999u  y0rusy50      ca</subfield>
  </datafield>
  <datafield tag="101" ind1="0" ind2=" ">
    <subfield code="a">rus</subfield>
  </datafield>
  <datafield tag="102" ind1=" " ind2=" ">
    <subfield code="a">RU</subfield>
  </datafield>
  <datafield tag="105" ind1=" " ind2=" ">
    <subfield code="a">||||b   |||||</subfield>
  </datafield>
  <datafield tag="200" ind1="1" ind2=" ">
    <subfield code="a">&#x41A;&#x430;&#x442;&#x430;&#x43B;&#x43E;&#x433;-&#x441;&#x43F;&#x440;&#x430;&#x432;&#x43E;&#x447;&#x43D;&#x438;&#x43A; &#x442;&#x435;&#x445;&#x43D;&#x438;&#x447;&#x435;&#x441;&#x43A;&#x43E;&#x433;&#x43E; &#x441;&#x43F;&#x435;&#x446;&#x438;&#x430;&#x43B;&#x438;&#x441;&#x442;&#x430; &#x43F;&#x43E; &#x441;&#x438;&#x441;&#x442;&#x435;&#x43C;&#x430;&#x43C; &#x431;&#x435;&#x437;&#x43E;&#x43F;&#x430;&#x441;&#x43D;&#x43E;&#x441;&#x442;&#x438;</subfield>
    <subfield code="e">[&#x43D;&#x430;&#x441;&#x442;&#x43E;&#x43B;&#x44C;&#x43D;&#x430;&#x44F; &#x43A;&#x43D;&#x438;&#x433;&#x430; &#x43F;&#x440;&#x43E;&#x435;&#x43A;&#x442;&#x43D;&#x44B;&#x445;, &#x43C;&#x43E;&#x43D;&#x442;&#x430;&#x436;&#x43D;&#x44B;&#x445; &#x43E;&#x440;&#x433;&#x430;&#x43D;&#x438;&#x437;&#x430;&#x446;&#x438;&#x439; &#x438;&#x43D;&#x436;&#x435;&#x43D;&#x435;&#x440;&#x43E;&#x432; &#x438; &#x43A;&#x43E;&#x43D;&#x441;&#x443;&#x43B;&#x44C;&#x442;&#x430;&#x43D;&#x442;&#x43E;&#x432; &#x43C;&#x435;&#x43D;&#x435;&#x434;&#x436;&#x435;&#x440;&#x43E;&#x432; &#x442;&#x43E;&#x440;&#x433;&#x43E;&#x432;&#x44B;&#x445; &#x43A;&#x43E;&#x43C;&#x43F;&#x430;&#x43D;&#x438;&#x439; &#x441;&#x43E;&#x442;&#x440;&#x443;&#x434;&#x43D;&#x438;&#x43A;&#x43E;&#x432; &#x441;&#x43B;&#x443;&#x436;&#x431; &#x431;&#x435;&#x437;&#x43E;&#x43F;&#x430;&#x441;&#x43D;&#x43E;&#x441;&#x442;&#x438; &#x440;&#x430;&#x437;&#x440;&#x430;&#x431;&#x43E;&#x442;&#x447;&#x438;&#x43A;&#x43E;&#x432; &#x442;&#x435;&#x445;&#x43D;&#x438;&#x447;&#x435;&#x441;&#x43A;&#x438;&#x445; &#x441;&#x440;&#x435;&#x434;&#x441;&#x442;&#x432;]</subfield>
  </datafield>
  <datafield tag="205" ind1=" " ind2=" ">
    <subfield code="a">3-&#x435; &#x438;&#x437;&#x434;.</subfield>
  </datafield>
  <datafield tag="210" ind1=" " ind2=" ">
    <subfield code="a">&#x41C;&#x43E;&#x441;&#x43A;&#x432;&#x430;</subfield>
    <subfield code="c">&#x422;&#x41A; &#x422;&#x418;&#x41D;&#x41A;&#x41E;</subfield>
    <subfield code="d">2006</subfield>
  </datafield>
  <datafield tag="215" ind1=" " ind2=" ">
    <subfield code="d">29</subfield>
  </datafield>
  <datafield tag="225" ind1="1" ind2=" ">
    <subfield code="a">&#x421;&#x430;&#x43C;&#x43E;&#x435; &#x43F;&#x43E;&#x43B;&#x43D;&#x43E;&#x435; &#x441;&#x43E;&#x431;&#x440;&#x430;&#x43D;&#x438;&#x435; &#x420;&#x43E;&#x441;&#x441;&#x438;&#x439;&#x441;&#x43A;&#x43E;&#x439; &#x442;&#x435;&#x445;&#x43D;&#x438;&#x43A;&#x438;</subfield>
  </datafield>
  <datafield tag="225" ind1="1" ind2=" ">
    <subfield code="a">&#x422;&#x435;&#x445;&#x43D;&#x438;&#x447;&#x435;&#x441;&#x43A;&#x438;&#x435; &#x441;&#x440;&#x435;&#x434;&#x441;&#x442;&#x432;&#x430; &#x431;&#x435;&#x437;&#x43E;&#x43F;&#x430;&#x441;&#x43D;&#x43E;&#x441;&#x442;&#x438; &#x422;&#x418;&#x41D;&#x41A;&#x41E;</subfield>
  </datafield>
  <datafield tag="300" ind1=" " ind2=" ">
    <subfield code="a">&#x41D;&#x430; &#x43E;&#x431;&#x43B;. &#x442;&#x43E;&#x43B;&#x44C;&#x43A;&#x43E; &#x447;&#x430;&#x441;&#x442;. &#x437;&#x430;&#x433;&#x43B;. &#x442;&#x43E;&#x43C;&#x430; &#x438; &#x43F;&#x43E;&#x434;&#x437;&#x430;&#x433;.</subfield>
  </datafield>
  <datafield tag="313" ind1=" " ind2=" ">
    <subfield code="a">&#x43E;&#x445;&#x440;&#x430;&#x43D;&#x43D;&#x43E;-&#x43F;&#x43E;&#x436;&#x430;&#x440;&#x43D;&#x430;&#x44F; &#x441;&#x438;&#x433;&#x43D;&#x430;&#x43B;&#x438;&#x437;&#x430;&#x446;&#x438;&#x44F;</subfield>
  </datafield>
  <datafield tag="463" ind1=" " ind2="0">
    <subfield code="1">001960600</subfield>
  </datafield>
  <datafield tag="463" ind1=" " ind2="0">
    <subfield code="1">001961868</subfield>
  </datafield>
  <datafield tag="606" ind1="1" ind2=" ">
    <subfield code="a">&#x41E;&#x445;&#x440;&#x430;&#x43D;&#x43D;&#x430;&#x44F; &#x441;&#x438;&#x433;&#x43D;&#x430;&#x43B;&#x438;&#x437;&#x430;&#x446;&#x438;&#x44F;</subfield>
    <subfield code="j">&#x41A;&#x430;&#x442;&#x430;&#x43B;&#x43E;&#x433;&#x438;</subfield>
    <subfield code="x">&#x410;&#x43F;&#x43F;&#x430;&#x440;&#x430;&#x442;&#x44B; &#x438; &#x43F;&#x440;&#x438;&#x431;&#x43E;&#x440;&#x44B;</subfield>
    <subfield code="9">2226985</subfield>
    <subfield code="3">RU\NLR\auth\661336861</subfield>
  </datafield>
  <datafield tag="606" ind1="1" ind2=" ">
    <subfield code="a">&#x41F;&#x43E;&#x436;&#x430;&#x440;&#x43D;&#x430;&#x44F; &#x441;&#x438;&#x433;&#x43D;&#x430;&#x43B;&#x438;&#x437;&#x430;&#x446;&#x438;&#x44F;</subfield>
    <subfield code="j">&#x41A;&#x430;&#x442;&#x430;&#x43B;&#x43E;&#x433;&#x438;</subfield>
    <subfield code="x">&#x410;&#x43F;&#x43F;&#x430;&#x440;&#x430;&#x442;&#x44B; &#x438; &#x43F;&#x440;&#x438;&#x431;&#x43E;&#x440;&#x44B;</subfield>
    <subfield code="9">1904706</subfield>
    <subfield code="3">RU\NLR\auth\66867447</subfield>
  </datafield>
  <datafield tag="686" ind1=" " ind2=" ">
    <subfield code="a">&#x417;885.24-5&#x44F;87</subfield>
  </datafield>
  <datafield tag="686" ind1=" " ind2=" ">
    <subfield code="a">&#x41D;960.2-571&#x44F;87</subfield>
  </datafield>
  <datafield tag="801" ind1=" " ind2="0">
    <subfield code="a">RU</subfield>
    <subfield code="b">NLR</subfield>
    <subfield code="c">20060905</subfield>
    <subfield code="g">rcr</subfield>
  </datafield>
  <datafield tag="801" ind1=" " ind2="1">
    <subfield code="a">RU</subfield>
    <subfield code="b">NLR</subfield>
    <subfield code="c">20060905</subfield>
  </datafield>
  <datafield tag="852" ind1=" " ind2=" ">
    <subfield code="a">NLR</subfield>
    <subfield code="j">&#x41F;&#x442; 2006-2/50</subfield>
  </datafield>
  <datafield tag="942" ind1=" " ind2=" ">
    <subfield code="c">BOOK</subfield>
  </datafield>
</record>
